| 000 | 00589nam a22002057a 4500 | ||
|---|---|---|---|
| 999 |
_c12097 _d12097 |
||
| 003 | AR-CdUCM | ||
| 008 | 190405b ||||| |||| 00| 0 spa d | ||
| 040 |
_aMUNICIPALIDAD PROVINCIAL DEL CUSCO _cBIBLIOTECA MUNICIPAL DEL CUSCO |
||
| 082 |
_a869.44 / _bA69 |
||
| 100 |
_aArguedas, Alcides _91887 |
||
| 245 | _aRaza de bronce / | ||
| 260 |
_aValencia : _bPrometeo, |
||
| 300 |
_a271 paginas ; _c19 cm. |
||
| 505 | _aContenido :Novela / | ||
| 650 |
_aLiteratura boliviana _94271 |
||
| 650 |
_aNovelas _9218 |
||
| 650 |
_aSiglo XX _98 |
||
| 942 |
_2ddc _cLIBROS |
||
| 945 |
_arjall _d2019-04-05 |
||